书目信息 |
| 题名: |
当代磁学
|
|
| 作者: | 李国栋 编著 | |
| 分册: | ||
| 出版信息: | 合肥 中国科学技术出版社 1999 |
|
| 页数: | 380页 | |
| 开本: | 20cm | |
| 丛书名: | ||
| 单 册: | ||
| 中图分类: | O441.2 | |
| 科图分类: | ||
| 主题词: | 电磁学 , 电动力学 | |
| 电子资源: | ||
| ISBN: | 7-312-01106-3 | |
| 000 | 00573nam0 2200193 450 | |
| 001 | 0735592734 | |
| 005 | 20070906095312.73 | |
| 010 | @a7-312-01106-3@d¥18.00 | |
| 100 | @a20070906d km y0chiy0120 ea | |
| 101 | 0 | @achi |
| 200 | 1 | @a当代磁学@Adang dai ci xue@f李国栋编著@Fli guo dong bian zhu |
| 210 | @a合肥@c中国科学技术出版社@d1999 | |
| 215 | @a380页@d20cm@e近代物理与高新技术物理基础--大学物理续编 | |
| 606 | 0 | @a电磁学 |
| 606 | 0 | @a电动力学 |
| 690 | @aO441.2@v3 | |
| 701 | 0 | @a李国栋@Ali guo dong@4编著 |
| 801 | 0 | @aCN@bPFT@c20070906 |
| 905 | @a213230@dO441.2@eP10@f1 | |
| 当代磁学/李国栋编著.-合肥:中国科学技术出版社,1999 |
| 380页;20cm+近代物理与高新技术物理基础--大学物理续编 |
| ISBN 7-312-01106-3:¥18.00 |
| ● |
| 相关链接 |
|
|
|
|
正题名:当代磁学
索取号:O441.2/P10
 
预约/预借
| 序号 | 登录号 | 条形码 | 馆藏地/架位号 | 状态 | 备注 |
| 1 | 7200846 | 272008463 | 密集书库-物理学院/ [索取号:O441.2/P10] | 在馆 | |
| 2 | 7200847 | 272008472 | 密集书库-物理学院/ [索取号:O441.2/P10] | 在馆 |